[Event "Hersonissos op 3rd"]
[Site "Hersonissos"]
[Date "2019.05.19"]
[Round "5"]
[White "Kozyris, Ilias"]
[Black "Konstantinomanolakis, Stavros"]
[Result "1-0"]
[WhiteElo "1708"]
[BlackElo "1500"]
[PlyCount "61"]
[EventDate "2019.05.15"]
[EventType "swiss"]
[EventRounds "9"]
[EventCountry "GRE"]
[SourceTitle "CBM 190 Extra"]
[Source "ChessBase"]
[SourceDate "2019.07.15"]
[SourceVersion "1"]
[SourceVersionDate "2019.07.15"]
[SourceQuality "1"]

1. e4 Nf6 2. e5 Nd5 3. d4 d6 4. c4 Nb6 5. exd6 cxd6 6. Nc3 Nc6 7. Be3 g6 8. Bd3 Bg7 9. Nge2 0-0 10. b3 e5 11. d5 Nd4 12. Bxd4 exd4 13. Nb5 Re8 14. 0-0 Re5 15. Nbxd4 Rh5 16. Bc2 Qh4 17. Nf3 Qg4 18. Ng3 Rh6 19. Rb1 Nd7 20. Re1 Ne5 21. Re4 Qd7 22. Nxe5 Bxe5 23. Qd2 Kg7 24. f4 f5 25. Re2 Bf6 26. Rbe1 b6 27. Re8 Bb7 28. Rxa8 Bxa8 29. Re6 Bh4 30. Qe3 Kf7 31. Nxf5 1-0

[Event "Hersonissos op 3rd"]
[Site "Hersonissos"]
[Date "2019.05.15"]
[Round "1"]
[White "Kozyris, Ilias"]
[Black "Froewis, Georg"]
[Result "0-1"]
[WhiteElo "1708"]
[BlackElo "2442"]
[PlyCount "80"]
[EventDate "2019.05.15"]
[EventType "swiss"]
[EventRounds "9"]
[EventCountry "GRE"]
[SourceTitle "CBM 190 Extra"]
[Source "ChessBase"]
[SourceDate "2019.07.15"]
[SourceVersion "1"]
[SourceVersionDate "2019.07.15"]
[SourceQuality "1"]

1. e4 d5 2. exd5 Qxd5 3. Nf3 Nc6 4. Nc3 Qd6 5. d4 Nf6 6. Bb5 a6 7. Ba4 b5 8. Bb3 Na5 9. 0-0 Bb7 10. Ne5 Nxb3 11. axb3 Rd8 12. Be3 c5 13. Nf3 Ng4 14. d5 Nxe3 15. fxe3 b4 16. Ne4 Qxd5 17. Qxd5 Rxd5 18. Nfg5 f5 19. Ng3 g6 20. e4 Rd2 21. Rf2 Rxf2 22. Kxf2 Bg7 23. exf5 Bxb2 24. Ra5 Bd4+ 25. Ke2 Bc6 26. Ne6 Bb5+ 27. Kf3 Kf7 28. Nc7 Bc6+ 29. Ke2 Rc8 30. fxg6+ hxg6 31. Nxa6 Bxg2 32. Rb5 Rc6 33. Nb8 Re6+ 34. Kd2 Rd6 35. Ke2 g5 36. Ra5 g4 37. Ra6 Bf3+ 38. Kf1 Rd5 39. Nc6 Bc3 40. Na5 Rd1+ 0-1

[Event "GRE-ch U18"]
[Site "Rethymno"]
[Date "2019.01.05"]
[Round "6"]
[White "Dallis, Ioannis"]
[Black "Kozyris, Ilias"]
[Result "0-1"]
[WhiteElo "1313"]
[BlackElo "1692"]
[PlyCount "80"]
[EventDate "2019.01.02"]
[EventType "swiss"]
[EventRounds "9"]
[EventCountry "GRE"]
[SourceTitle "CBM 188 Extra"]
[Source "ChessBase"]
[SourceDate "2019.02.26"]
[SourceVersion "1"]
[SourceVersionDate "2019.02.26"]
[SourceQuality "1"]

1. e4 e5 2. Nf3 Nc6 3. d4 exd4 4. Nxd4 Nf6 5. Nc3 Bc5 6. Nb3 Bb6 7. Bd3 d6 8. Qe2 Ng4 9. f3 Nge5 10. Be3 0-0 11. g4 Qh4+ 12. Kd2 Nb4 13. Raf1 c5 14. Bf2 Qe7 15. a3 Be6 16. axb4 c4 17. Bxb6 cxd3 18. cxd3 Bxb3 19. Be3 d5 20. Bc5 Qc7 21. Bxf8 d4 22. Bc5 dxc3+ 23. bxc3 a5 24. Ra1 Rd8 25. Rxa5 Nxd3 26. Qxd3 Rxd3+ 27. Kxd3 h6 28. Rb1 Be6 29. Rb2 Kh7 30. Bd4 Qf4 31. Rf2 Qc1 32. Rd2 Qf1+ 33. Ke3 Bc4 34. Raa2 Qe1+ 35. Re2 Qg1+ 36. Kf4 g5+ 37. Kf5 Qc1 38. Be3 Be6+ 39. Ke5 Qxc3+ 40. Kd6 Bxa2 0-1

[Event "GRE-ch U14"]
[Site "Rio Achaia"]
[Date "2018.07.09"]
[Round "9"]
[White "Goutis, Panagiotis"]
[Black "Kozyris, Ilias"]
[Result "1/2-1/2"]
[WhiteElo "1546"]
[BlackElo "1572"]
[PlyCount "83"]
[EventDate "2018.07.03"]
[EventType "swiss"]
[EventRounds "9"]
[EventCountry "GRE"]
[SourceTitle "EXT 2019"]
[Source "ChessBase"]
[SourceDate "2018.10.10"]
[SourceVersion "1"]
[SourceVersionDate "2018.10.10"]
[SourceQuality "1"]

1. d4 Nf6 2. c4 e6 3. Nc3 Bb4 4. e3 0-0 5. Nge2 d5 6. a3 Be7 7. cxd5 exd5 8. g3 a5 9. Bg2 Na6 10. 0-0 c6 11. Qc2 Re8 12. f3 c5 13. Rd1 Qc7 14. Qb3 cxd4 15. exd4 Qd8 16. Bf4 Bd6 17. Bg5 Nc7 18. Nf4 Bxf4 19. Bxf4 Re7 20. Na4 b5 21. Nc3 a4 22. Qb4 Ba6 23. b3 axb3 24. Qxb3 Rb8 25. Re1 Rb7 26. Rxe7 Qxe7 27. Kf2 b4 28. Re1 Qf8 29. Bxc7 bxc3 30. Qxc3 Bc4 31. Qa5 Qc8 32. Bd6 h6 33. Be7 Rb2+ 34. Kg1 Kh7 35. Qd8 Qxd8 36. Bxd8 Rd2 37. Bb6 Ra2 38. Bc5 Nd7 39. Bb4 Nb8 40. Rd1 Nc6 41. Bc5 Na5 42. Bf1 1/2-1/2

[Event "GRE-ch U14"]
[Site "Rio Achaia"]
[Date "2018.07.05"]
[Round "4"]
[White "Kozyris, Ilias"]
[Black "Davillas, Konstantinos"]
[Result "0-1"]
[WhiteElo "1572"]
[BlackElo "1454"]
[PlyCount "138"]
[EventDate "2018.07.03"]
[EventType "swiss"]
[EventRounds "9"]
[EventCountry "GRE"]
[SourceTitle "EXT 2019"]
[Source "ChessBase"]
[SourceDate "2018.10.10"]
[SourceVersion "1"]
[SourceVersionDate "2018.10.10"]
[SourceQuality "1"]

1. e4 e6 2. d4 d5 3. Nc3 Nc6 4. e5 f6 5. Bb5 Bd7 6. Bxc6 Bxc6 7. f4 fxe5 8. fxe5 Bb4 9. Nf3 Ne7 10. 0-0 Nf5 11. Ng5 Qd7 12. Qg4 g6 13. a3 Be7 14. Nxh7 0-0-0 15. Nf6 Bxf6 16. exf6 Qf7 17. Bg5 Rh5 18. Rae1 Rdh8 19. h3 Bd7 20. Re5 Nd6 21. b3 Qg8 22. a4 Nf7 23. Ne2 Nxe5 24. dxe5 Qf7 25. Ng3 R5h7 26. Qb4 Qf8 27. Qa5 Kb8 28. Qd2 Be8 29. Rf3 Rd7 30. Rd3 Bf7 31. c4 c6 32. Ne4 Ka8 33. c5 Qd8 34. Nd6 Rh7 35. Rd4 Rh5 36. Rd3 Rh7 37. a5 Qc7 38. b4 a6 39. Rd4 Rh8 40. Qd3 Rh5 41. Rg4 Ka7 42. Nxf7 Rxf7 43. Qxg6 Rfh7 44. Bf4 d4 45. Qd3 Qd7 46. Bg3 Qd5 47. Rxd4 Qa2 48. Qd2 Qa3 49. Rd3 Qa1+ 50. Kh2 Qf1 51. Bf4 Qa1 52. Rf3 Qb1 53. Bg3 Qe4 54. Qf4 Qe2 55. Rf2 Qd3 56. Rd2 Qg6 57. Qd4 Qf5 58. Kg1 Rg5 59. Rf2 Qg6 60. Rf3 Rxg3 61. Rxg3 Qxg3 62. Qf2 Qg6 63. Qd2 Rxh3 64. Qd8 Qb1+ 65. Kf2 Qc2+ 66. Kg1 Qc1+ 67. Kf2 Qf4+ 68. Kg1 Qe3+ 69. Kf1 Rh1# 0-1

[Event "Hersonissos op 2nd"]
[Site "Hersonissos"]
[Date "2018.06.20"]
[Round "5"]
[White "Sielicki, Tomasz"]
[Black "Kozyris, Ilias"]
[Result "1-0"]
[WhiteElo "1963"]
[BlackElo "1570"]
[PlyCount "55"]
[EventDate "2018.06.17"]
[EventType "swiss"]
[EventRounds "9"]
[EventCountry "GRE"]
[SourceTitle "CBM 185 Extra"]
[Source "ChessBase"]
[SourceDate "2018.07.29"]
[SourceVersion "1"]
[SourceVersionDate "2018.07.29"]
[SourceQuality "1"]

1. d4 Nf6 2. Bf4 e6 3. Nf3 c5 4. e3 d5 5. c3 Nc6 6. Nbd2 Bd6 7. Bg3 0-0 8. Bd3 Re8 9. Ne5 Ne7 10. f4 Nf5 11. Bf2 cxd4 12. exd4 Bf8 13. g4 Nd6 14. Bh4 Be7 15. Bxf6 Bxf6 16. 0-0 a6 17. Qf3 g6 18. Rae1 Bg7 19. Qh3 a5 20. Re2 b6 21. Rg2 Ba6 22. Bxa6 Rxa6 23. f5 exf5 24. gxf5 Nxf5 25. Rxf5 gxf5 26. Qh6 Kf8 27. Qxg7+ Ke7 28. Nc6+ 1-0

[Event "Hersonissos op 2nd"]
[Site "Hersonissos"]
[Date "2018.06.18"]
[Round "3"]
[White "Pliev, Vladimir"]
[Black "Kozyris, Ilias"]
[Result "1/2-1/2"]
[WhiteElo "1909"]
[BlackElo "1570"]
[PlyCount "92"]
[EventDate "2018.06.17"]
[EventType "swiss"]
[EventRounds "9"]
[EventCountry "GRE"]
[SourceTitle "CBM 185 Extra"]
[Source "ChessBase"]
[SourceDate "2018.07.29"]
[SourceVersion "1"]
[SourceVersionDate "2018.07.29"]
[SourceQuality "1"]

1. e4 e5 2. Nf3 Nc6 3. Bb5 a6 4. Ba4 Nf6 5. d3 b5 6. Bb3 Bc5 7. c3 d6 8. Nbd2 0-0 9. h3 Re8 10. 0-0 Bb7 11. a4 b4 12. Nc4 bxc3 13. bxc3 Ba7 14. Ne3 Ne7 15. Bxf7+ Kxf7 16. Qb3+ Bd5 17. Ng5+ Kg8 18. Nxd5 Nexd5 19. exd5 Rb8 20. Qc4 Qc8 21. Ne4 Nxe4 22. dxe4 Rf8 23. Qe2 Rb3 24. Be3 Qb7 25. Bxa7 Qxa7 26. Qc2 Rfb8 27. Rab1 Rxb1 28. Rxb1 Rxb1+ 29. Qxb1 Qc5 30. Qb4 Qa7 31. g3 Kf7 32. Kg2 g5 33. a5 h6 34. Qc4 Qb7 35. Qe2 Qc8 36. Qg4 Qd8 37. h4 gxh4 38. Qxh4 Qxh4 39. gxh4 Kg6 40. Kg3 h5 41. f4 Kf6 42. Kf3 Ke7 43. fxe5 dxe5 44. Ke3 Kd6 45. Kd3 c6 46. c4 c5 1/2-1/2

[Event "GRE-ch Schools Gymnasia-B 30th"]
[Site "Peristeri"]
[Date "2018.04.01"]
[Round "4"]
[White "Chatzipanagiotou, Asimenia"]
[Black "Kozyris, Ilias"]
[Result "1-0"]
[WhiteElo "1369"]
[BlackElo "1631"]
[PlyCount "47"]
[EventDate "2018.04.01"]
[EventType "swiss (rapid)"]
[EventRounds "9"]
[EventCountry "GRE"]
[SourceTitle "EXT 2019"]
[Source "ChessBase"]
[SourceDate "2018.10.10"]
[SourceVersion "1"]
[SourceVersionDate "2018.10.10"]
[SourceQuality "1"]

1. e4 c5 2. Nf3 Nc6 3. d4 cxd4 4. Nxd4 g6 5. Nc3 Bg7 6. Be3 Nf6 7. Be2 0-0 8. 0-0 d6 9. f4 Qb6 10. Rb1 Nxe4 11. Nf5 Nxc3 12. bxc3 Qd8 13. Nxg7 Kxg7 14. Bd4+ Nxd4 15. cxd4 b6 16. Bf3 Rb8 17. Re1 Bb7 18. d5 Qc7 19. Qd4+ Kg8 20. c4 Rfe8 21. Bg4 Bc8 22. Bd1 Bd7 23. Rb2 Rbc8 24. Bb3 1-0

[Event "GRE-ch Schools Gymnasia-B 30th"]
[Site "Peristeri"]
[Date "2018.04.01"]
[Round "3"]
[White "Sipsis, Tsatsoulis Georgios"]
[Black "Kozyris, Ilias"]
[Result "1-0"]
[WhiteElo "1497"]
[BlackElo "1631"]
[PlyCount "171"]
[EventDate "2018.04.01"]
[EventType "swiss (rapid)"]
[EventRounds "9"]
[EventCountry "GRE"]
[SourceTitle "EXT 2019"]
[Source "ChessBase"]
[SourceDate "2018.10.10"]
[SourceVersion "1"]
[SourceVersionDate "2018.10.10"]
[SourceQuality "1"]

1. d4 Nf6 2. c4 e6 3. Nc3 Bb4 4. Nf3 0-0 5. Bg5 h6 6. Bh4 c5 7. e3 d6 8. a3 Bxc3+ 9. bxc3 Nbd7 10. Bd3 b6 11. 0-0 Bb7 12. Re1 Qc7 13. a4 d5 14. Bg3 Qc8 15. Qb3 dxc4 16. Bxc4 Ne4 17. Rad1 Ndf6 18. Nd2 Nxd2 19. Rxd2 Bd5 20. Bxd5 Nxd5 21. e4 Nf6 22. f3 cxd4 23. cxd4 Rd8 24. Red1 Qa6 25. Be5 Nd7 26. Bc7 Rdc8 27. Rc2 Nf6 28. Rdc1 Ne8 29. Qb5 Qb7 30. Qd7 Nf6 31. Qe7 Re8 32. Qd6 Rec8 33. Qg3 Nh5 34. Qd6 Nf6 35. Qb4 Ne8 36. Qe7 Nf6 37. Rc4 Re8 38. Qb4 Rec8 39. a5 b5 40. Rc5 a6 41. Rc6 Nd7 42. e5 Ra7 43. Qd6 Nf8 44. Bb6 Rxc6 45. Rxc6 Ra8 46. Rc7 Qd5 47. Qxd5 exd5 48. g3 Ne6 49. Rc3 Kh7 50. Kf2 Kg6 51. h3 Kf5 52. Rc1 f6 53. f4 fxe5 54. dxe5 Nf8 55. Ke3 Nd7 56. g4+ Ke6 57. Bd4 Rb8 58. f5+ Ke7 59. Rc7 Kd8 60. Rc1 Rc8 61. Rxc8+ Kxc8 62. Kd2 Kc7 63. Kc3 Kc6 64. Kb4 Nf8 65. e6 Kd6 66. Bc5+ Kc7 67. Bxf8 d4 68. Bxg7 Kd6 69. Bxh6 d3 70. Bd2 Ke7 71. g5 Kf8 72. f6 Ke8 73. g6 Kf8 74. h4 Ke8 75. g7 Kd8 76. g8Q+ Kc7 77. Bf4+ Kc6 78. Qc8+ Kd5 79. Qc5+ Ke4 80. Qe3+ Kd5 81. Qxd3+ Kxe6 82. Qg6 Kd7 83. f7 Kc8 84. f8R+ Kb7 85. Rf7+ Kc8 86. Qg8# 1-0

[Event "Heraklion Gazi op 13th"]
[Site "Heraklion"]
[Date "2017.08.01"]
[Round "5"]
[White "Tolias, Fotis"]
[Black "Kozyris, Ilias"]
[Result "1-0"]
[WhiteElo "1884"]
[BlackElo "1453"]
[PlyCount "43"]
[EventDate "2017.07.28"]
[EventType "swiss"]
[EventRounds "9"]
[EventCountry "GRE"]
[SourceTitle "CBM 179 Extra"]
[Source "ChessBase"]
[SourceDate "2017.08.23"]
[SourceVersion "1"]
[SourceVersionDate "2017.08.23"]
[SourceQuality "1"]

1. e4 e5 2. d4 exd4 3. Nf3 Nc6 4. Nxd4 Nf6 5. Nc3 Bc5 6. Nxc6 bxc6 7. Bg5 h6 8. Bh4 Be7 9. Qf3 0-0 10. Bd3 Nh7 11. Bxe7 Qxe7 12. 0-0 Rb8 13. Rab1 Ng5 14. Qg3 Ne6 15. f4 Qc5+ 16. Kh1 f5 17. exf5 Nd4 18. f6 Rxf6 19. Ne4 Qe7 20. Nxf6+ Qxf6 21. Rbe1 Bb7 22. Qg6 1-0

[Event "GRE-ch U14"]
[Site "Achaia"]
[Date "2017.06.29"]
[Round "6"]
[White "Kozyris, Ilias"]
[Black "Triantafilidis, Mihail"]
[Result "1-0"]
[WhiteElo "1453"]
[BlackElo "1900"]
[PlyCount "75"]
[EventDate "2017.06.26"]
[EventType "swiss"]
[EventRounds "9"]
[EventCountry "GRE"]
[SourceTitle "EXT 2018"]
[Source "ChessBase"]
[SourceDate "2017.10.13"]
[SourceVersion "1"]
[SourceVersionDate "2017.10.13"]
[SourceQuality "1"]

1. e4 Nf6 2. e5 Nd5 3. d4 d6 4. Nf3 Bg4 5. exd6 exd6 6. Be2 Be7 7. 0-0 0-0 8. b3 Bf6 9. c4 Nb6 10. Nbd2 Re8 11. Bb2 Nc6 12. Re1 d5 13. Rc1 a5 14. Ne5 Bf5 15. Nxc6 bxc6 16. Bf3 Qd7 17. Nf1 Rxe1 18. Qxe1 c5 19. cxd5 cxd4 20. d6 Re8 21. Qxa5 Qxd6 22. Qxf5 Re5 23. Qc2 c5 24. Be4 Bg5 25. Bxh7+ Kh8 26. Rd1 g6 27. Bxg6 fxg6 28. b4 Qe6 29. bxc5 Re2 30. Bxd4+ Kh7 31. Qb3 Nc4 32. Qb7+ Kh6 33. Qg7+ Kh5 34. Ng3+ Kg4 35. h3+ Kf4 36. Nxe2+ Qxe2 37. Qf7+ Ke4 38. Qe6+ 1-0

[Event "GRE-chT 44th"]
[Site "Achaia"]
[Date "2016.07.06"]
[Round "2.10"]
[White "Kozyris, Ilias"]
[Black "Kouta, Antonia"]
[Result "1/2-1/2"]
[WhiteElo "1292"]
[BlackElo "1672"]
[PlyCount "108"]
[EventDate "2016.07.05"]
[EventType "team-swiss"]
[EventRounds "7"]
[EventCountry "GRE"]
[SourceTitle "CBM 173 Extra"]
[Source "ChessBase"]
[SourceDate "2016.08.29"]
[SourceVersion "1"]
[SourceVersionDate "2016.08.29"]
[SourceQuality "1"]
[WhiteTeam "St Nicholas Lato"]
[BlackTeam "Kifisias AO"]
[WhiteTeamCountry "GRE"]
[BlackTeamCountry "GRE"]

1. e4 c5 2. Nf3 e6 3. d4 cxd4 4. Nxd4 Nc6 5. Nc3 Qc7 6. f4 a6 7. Nxc6 Qxc6 8. Bd3 Nf6 9. Qe2 Be7 10. Bd2 d5 11. exd5 exd5 12. h3 d4 13. Ne4 0-0 14. Nxf6+ Bxf6 15. 0-0 Re8 16. Qf3 Qxf3 17. Rxf3 b5 18. b3 Bb7 19. Rff1 Bh4 20. Be1 Bxe1 21. Raxe1 Kf8 22. Rxe8+ Rxe8 23. Kf2 Re3 24. Rd1 Be4 25. Bxe4 Rxe4 26. g3 f5 27. a3 Ke7 28. Rd3 Kd6 29. c3 Kc5 30. cxd4+ Rxd4 31. Ke3 Rxd3+ 32. Kxd3 h5 33. h4 a5 34. Kc3 a4 35. bxa4 bxa4 36. Kd3 Kd5 37. Kc3 Ke4 38. Kb4 Kf3 39. Kxa4 Kxg3 40. Kb4 Kxf4 41. a4 Ke3 42. a5 f4 43. a6 f3 44. a7 f2 45. a8Q f1Q 46. Qe8+ Kd4 47. Qd7+ Ke3 48. Qe8+ Kd4 49. Qd7+ Ke3 50. Qe8+ Kd2 51. Qxh5 Qb1+ 52. Kc5 Qc1+ 53. Kd5 Qh1+ 54. Ke5 Qa1+ 1/2-1/2

[Event "GRE-ch U12"]
[Site "Porto Rio"]
[Date "2016.07.02"]
[Round "7"]
[White "Kozyris, Ilias"]
[Black "Tsarsitalidis, Konstantinos"]
[Result "0-1"]
[WhiteElo "1293"]
[BlackElo "1506"]
[PlyCount "82"]
[EventDate "2016.06.28"]
[EventType "swiss"]
[EventRounds "9"]
[EventCountry "GRE"]
[SourceTitle "CBM 173 Extra"]
[Source "ChessBase"]
[SourceDate "2016.08.29"]
[SourceVersion "1"]
[SourceVersionDate "2016.08.29"]
[SourceQuality "1"]

1. e4 c5 2. Nf3 d6 3. c3 Nf6 4. Be2 e6 5. 0-0 Be7 6. Bb5+ Bd7 7. Bxd7+ Nbxd7 8. Re1 0-0 9. d4 cxd4 10. cxd4 Rc8 11. Nc3 Nb6 12. e5 dxe5 13. dxe5 Qxd1 14. Rxd1 Nfd5 15. Nxd5 Nxd5 16. Bg5 Bc5 17. Rac1 h6 18. Bd2 Rfd8 19. a3 a6 20. Kf1 Ba7 21. Rxc8 Rxc8 22. Rc1 Rxc1+ 23. Bxc1 Kf8 24. b4 Ke7 25. Bb2 Kd7 26. g3 Kc6 27. Nd2 Kb5 28. Ke2 Ka4 29. f3 Be3 30. Nc4 Kb3 31. Nxe3 Nxe3 32. Kxe3 Kxb2 33. Kd2 Kxa3 34. Kc3 b5 35. h4 h5 36. g4 g6 37. g5 Ka4 38. f4 Ka3 39. Kc2 Kxb4 40. Kb2 Kc4 41. Kc2 Kd4 0-1